[Event "POL-chT 1st League"]
[Site "Leba"]
[Date "2023.09.26"]
[Round "4.2"]
[White "Sernecki, Franciszek"]
[Black "Kistrup, Nicolai"]
[Result "1/2-1/2"]
[WhiteElo "2281"]
[BlackElo "2359"]
[PlyCount "81"]
[EventDate "2023.09.23"]
[EventType "team-swiss"]
[EventRounds "9"]
[EventCountry "POL"]
[SourceTitle "EXT 2024"]
[Source "ChessBase"]
[SourceDate "2023.10.10"]
[SourceVersion "1"]
[SourceVersionDate "2023.10.10"]
[SourceQuality "1"]
[WhiteTeam "Sedziszow Malopolski"]
[BlackTeam "Gostynin Gostmat 83"]
[WhiteTeamCountry "POL"]
[BlackTeamCountry "POL"]

1. d4 Nf6 2. c4 e6 3. Nf3 d5 4. Nc3 dxc4 5. e4 b5 6. e5 Nd5 7. Nxb5 Nb6 8. Be2 Nc6 9. 0-0 Be7 10. Be3 0-0 11. Qc1 Bb7 12. b3 cxb3 13. axb3 a6 14. Nc3 Nb4 15. Rd1 N6d5 16. Na4 Nxe3 17. fxe3 Rb8 18. Nc5 Bd5 19. Kh1 Rb6 20. Ne1 Qa8 21. Bf3 Bxf3 22. Nxf3 Rb5 23. Qc4 Bxc5 24. dxc5 Nc6 25. Qc2 h6 26. Ra4 Qa7 27. Rc4 Rfb8 28. Nd4 Nxd4 29. Rcxd4 Qa8 30. R1d3 g6 31. h3 Rf8 32. Qf2 Qc6 33. Qh4 Qxc5 34. Qxh6 Qxe5 35. Rd8 Qg7 36. Qf4 Qa1+ 37. Rd1 Qe5 38. Qh6 Qg7 39. Qf4 Qe5 40. Qh6 Qg7 41. Qf4 1/2-1/2

[Event "Pardubice Czech op-A 34th"]
[Site "Pardubice"]
[Date "2023.07.24"]
[Round "4"]
[White "Sernecki, Franciszek"]
[Black "Makhnev, Denis"]
[Result "1/2-1/2"]
[WhiteElo "2309"]
[BlackElo "2454"]
[PlyCount "61"]
[EventDate "2023.07.21"]
[EventType "swiss"]
[EventRounds "9"]
[EventCountry "CZE"]
[SourceTitle "CBM 215 Extra"]
[Source "ChessBase"]
[SourceDate "2023.09.30"]
[SourceVersion "1"]
[SourceVersionDate "2023.09.30"]
[SourceQuality "1"]

1. d4 Nf6 2. c4 e6 3. Nf3 b6 4. g3 Bb7 5. Bg2 Bb4+ 6. Bd2 c5 7. Bxb4 cxb4 8. 0-0 0-0 9. a3 bxa3 10. Nxa3 a5 11. Nb5 d6 12. Qd2 Na6 13. Qf4 Ne8 14. Rac1 Qe7 15. Rfd1 Rd8 16. Ne1 Bxg2 17. Kxg2 Nf6 18. Nd3 Qd7 19. Kg1 h6 20. Qe3 Rfe8 21. Ra1 Nd5 22. Qf3 Ndb4 23. Nxb4 Nxb4 24. b3 d5 25. e4 dxc4 26. bxc4 Qc6 27. Rac1 Na2 28. Rc2 Nb4 29. Rcc1 Na2 30. Rc2 Nb4 31. Rcc1 1/2-1/2

[Event "Titled Tuesday intern op 28th Feb Early"]
[Site "Chess.com INT"]
[Date "2023.02.28"]
[Round "9"]
[White "Buscar, Michael"]
[Black "Sernecki, Franciszek"]
[Result "1-0"]
[WhiteElo "2041"]
[BlackElo "2309"]
[PlyCount "35"]
[EventDate "2023.02.28"]
[EventType "swiss (blitz)"]
[EventRounds "11"]
[EventCountry "USA"]
[SourceTitle "CBM 213 Extra"]
[Source "ChessBase"]
[SourceDate "2023.05.31"]
[SourceVersion "1"]
[SourceVersionDate "2023.05.31"]
[SourceQuality "1"]

1. d4 Nf6 2. Nf3 c5 3. e3 cxd4 4. exd4 d5 5. c3 Bg4 6. Be2 Nc6 7. 0-0 e6 8. Nbd2 Bd6 9. Re1 0-0 10. Nf1 Ne4 11. Ne3 Bh5 12. g3 Qc7 13. Ng2 f5 14. Bf4 g5 15. Nxg5 Bxe2 16. Qxe2 Bxf4 17. Nxe6 Qd6 18. Nexf4 1-0

[Event "Titled Tuesday intern op 28th Feb Early"]
[Site "Chess.com INT"]
[Date "2023.02.28"]
[Round "3"]
[White "Musat, Adrian"]
[Black "Sernecki, Franciszek"]
[Result "0-1"]
[WhiteElo "2378"]
[BlackElo "2309"]
[PlyCount "64"]
[EventDate "2023.02.28"]
[EventType "swiss (blitz)"]
[EventRounds "11"]
[EventCountry "USA"]
[SourceTitle "CBM 213 Extra"]
[Source "ChessBase"]
[SourceDate "2023.05.31"]
[SourceVersion "1"]
[SourceVersionDate "2023.05.31"]
[SourceQuality "1"]

1. d4 d5 2. Bf4 Nf6 3. Nf3 c5 4. e3 Nc6 5. Nbd2 Bg4 6. c3 e6 7. Be2 Bd6 8. Ne5 Bxe2 9. Qxe2 Bxe5 10. dxe5 Nd7 11. Nf3 Qc7 12. e4 d4 13. cxd4 cxd4 14. 0-0 0-0 15. Rac1 Qa5 16. Rfd1 Ndxe5 17. Nxe5 Nxe5 18. Rxd4 Rfd8 19. Bxe5 Qxe5 20. Rxd8+ Rxd8 21. g3 g5 22. b4 h6 23. Rc5 Qd4 24. Qc4 Qa1+ 25. Kg2 Rd1 26. Rc8+ Kh7 27. Rc7 Rg1+ 28. Kh3 Qg7 29. g4 Qf6 30. Qe2 h5 31. f3 hxg4+ 32. fxg4 Qh6# 0-1

[Event "Titled Tuesday intern op 28th Feb Early"]
[Site "Chess.com INT"]
[Date "2023.02.28"]
[Round "2"]
[White "Rose, Felix"]
[Black "Sernecki, Franciszek"]
[Result "1-0"]
[WhiteElo "2091"]
[BlackElo "2309"]
[PlyCount "59"]
[EventDate "2023.02.28"]
[EventType "swiss (blitz)"]
[EventRounds "11"]
[EventCountry "USA"]
[SourceTitle "CBM 213 Extra"]
[Source "ChessBase"]
[SourceDate "2023.05.31"]
[SourceVersion "1"]
[SourceVersionDate "2023.05.31"]
[SourceQuality "1"]

1. e4 e6 2. d4 d5 3. Nc3 Bb4 4. exd5 exd5 5. Bd3 Nf6 6. Nge2 c5 7. dxc5 0-0 8. 0-0 Nc6 9. Bg5 Be6 10. Nf4 Bxc3 11. bxc3 h6 12. Bh4 Re8 13. Nh5 g5 14. Nxf6+ Qxf6 15. Bg3 Qxc3 16. Rb1 Re7 17. Bd6 Rd7 18. Qh5 Qf6 19. f4 Bf5 20. fxg5 Qd4+ 21. Kh1 Bxd3 22. cxd3 hxg5 23. Qxg5+ Qg7 24. Qxd5 Re8 25. h3 Re6 26. Rf3 Rg6 27. Re3 Qd4 28. Re8+ Kg7 29. Bf8+ Kf6 30. Rf1+ 1-0

[Event "Titled Tuesday intern op 28th Feb Early"]
[Site "Chess.com INT"]
[Date "2023.02.28"]
[Round "7"]
[White "Sernecki, Franciszek"]
[Black "Atakhan, Abtin"]
[Result "0-1"]
[WhiteElo "2309"]
[BlackElo "2370"]
[PlyCount "110"]
[EventDate "2023.02.28"]
[EventType "swiss (blitz)"]
[EventRounds "11"]
[EventCountry "USA"]
[SourceTitle "CBM 213 Extra"]
[Source "ChessBase"]
[SourceDate "2023.05.31"]
[SourceVersion "1"]
[SourceVersionDate "2023.05.31"]
[SourceQuality "1"]

1. c4 Nf6 2. Nc3 e5 3. g3 Bb4 4. Nd5 Nxd5 5. cxd5 c6 6. dxc6 Nxc6 7. Bg2 d5 8. a3 Bc5 9. b4 Bb6 10. Bb2 0-0 11. b5 Nd4 12. e3 Nxb5 13. Bxe5 Re8 14. Bb2 d4 15. Ne2 Bg4 16. h3 Bh5 17. g4 Bg6 18. 0-0 Qe7 19. Nf4 Rad8 20. Nxg6 hxg6 21. Qb3 Nd6 22. Bxd4 Bxd4 23. exd4 b6 24. d5 g5 25. Rfe1 Qxe1+ 26. Rxe1 Rxe1+ 27. Kh2 Re2 28. Qc3 Kf8 29. Bf3 Re7 30. Qb4 Ne8 31. a4 Rd6 32. Kg2 Red7 33. a5 bxa5 34. Qxa5 Nf6 35. Qb4 Kg8 36. Qb8+ Kh7 37. Qb1+ g6 38. Kg3 Nxd5 39. h4 gxh4+ 40. Kxh4 Nf4 41. Kg3 Ne6 42. Qh1+ Kg8 43. Bc6 Rd3+ 44. f3 R7d6 45. Be4 Rxd2 46. Qb1 Rd7 47. Qb8+ Kg7 48. Qb1 g5 49. Qa1+ f6 50. Bf5 Nf4 51. Qf1 Re7 52. Qh1 Rg2+ 53. Qxg2 Nxg2 54. Kxg2 a5 55. Bc2 Re2+ 0-1

[Event "Titled Tuesday intern op 28th Feb Early"]
[Site "Chess.com INT"]
[Date "2023.02.28"]
[Round "4"]
[White "Sernecki, Franciszek"]
[Black "Flis, Pawel"]
[Result "1-0"]
[WhiteElo "2309"]
[BlackElo "1901"]
[PlyCount "67"]
[EventDate "2023.02.28"]
[EventType "swiss (blitz)"]
[EventRounds "11"]
[EventCountry "USA"]
[SourceTitle "CBM 213 Extra"]
[Source "ChessBase"]
[SourceDate "2023.05.31"]
[SourceVersion "1"]
[SourceVersionDate "2023.05.31"]
[SourceQuality "1"]

1. c4 Nf6 2. Nc3 g6 3. e4 d6 4. g3 Bg7 5. Bg2 0-0 6. Nge2 c5 7. 0-0 Nc6 8. d3 a6 9. h3 Rb8 10. a4 Nd4 11. Be3 Ne8 12. Rb1 Nc7 13. b4 Nxe2+ 14. Nxe2 cxb4 15. Rxb4 Ne6 16. Bb6 Qe8 17. d4 Nd8 18. d5 f5 19. a5 fxe4 20. Kh2 Nf7 21. Bxe4 Bxh3 22. Kxh3 Ng5+ 23. Kg2 Nxe4 24. Nf4 Ng5 25. Bd4 Qd7 26. Bxg7 Kxg7 27. Qd4+ Kg8 28. Rh1 Rf5 29. Nxg6 hxg6 30. Rh8+ Kf7 31. Rxb8 Rf3 32. Qh8 Rxf2+ 33. Kxf2 Qf5+ 34. Kg1 1-0

[Event "Titled Tuesday intern op 28th Feb Early"]
[Site "Chess.com INT"]
[Date "2023.02.28"]
[Round "5"]
[White "Teterev, Vitaly"]
[Black "Sernecki, Franciszek"]
[Result "1/2-1/2"]
[WhiteElo "2377"]
[BlackElo "2309"]
[PlyCount "130"]
[EventDate "2023.02.28"]
[EventType "swiss (blitz)"]
[EventRounds "11"]
[EventCountry "USA"]
[SourceTitle "CBM 213 Extra"]
[Source "ChessBase"]
[SourceDate "2023.05.31"]
[SourceVersion "1"]
[SourceVersionDate "2023.05.31"]
[SourceQuality "1"]

1. e4 e6 2. d3 d5 3. Nd2 Nf6 4. Ngf3 Nc6 5. c3 dxe4 6. dxe4 e5 7. b4 a6 8. Be2 Bd6 9. 0-0 0-0 10. a4 Bg4 11. Qc2 Re8 12. Nc4 Qe7 13. Bg5 h6 14. Bh4 g5 15. Bg3 Nh5 16. b5 axb5 17. axb5 Rxa1 18. Rxa1 Nd8 19. Ne3 Bxf3 20. Bxf3 Ng7 21. Nd5 Qe6 22. h3 c6 23. bxc6 bxc6 24. Ne3 Qc8 25. Bg4 Nde6 26. Nc4 Qc7 27. Rd1 Rd8 28. Qa4 Nf4 29. Rd2 h5 30. Bf5 Nxf5 31. exf5 h4 32. Bxf4 exf4 33. Qd1 Be7 34. Rxd8+ Qxd8 35. Qxd8+ Bxd8 36. Kf1 Bf6 37. Na5 Bxc3 38. Nxc6 Kg7 39. Ne7 Bf6 40. Nd5 Bd4 41. Ke2 Kf8 42. Kf3 Kg7 43. Kg4 f6 44. Kf3 Kf7 45. Ke2 Ke8 46. f3 Kd7 47. Kd3 Bb2 48. Kc4 Kd6 49. Nb4 Bc1 50. Nd3 Be3 51. Nb2 Ke5 52. Nd3+ Kxf5 53. Kd5 Bg1 54. Nb4 Bb6 55. Nc6 Kg6 56. Ke6 Bc5 57. Nd8 Bd4 58. Nb7 Be5 59. Nc5 Bd4 60. Nd7 Bc3 61. Nf8+ Kg7 62. Nd7 Kg6 63. Nc5 Bd4 64. Ne4 Be5 65. Nc5 Bd4 1/2-1/2

[Event "Krakow op-A 33rd"]
[Site "Krakow"]
[Date "2022.12.27"]
[Round "1"]
[White "Sernecki, Franciszek"]
[Black "Madej, Marek"]
[Result "1-0"]
[WhiteElo "2310"]
[BlackElo "2169"]
[PlyCount "41"]
[EventDate "2022.12.27"]
[EventType "swiss"]
[EventRounds "9"]
[EventCountry "POL"]
[SourceTitle "CBM 212 Extra"]
[Source "ChessBase"]
[SourceDate "2023.03.31"]
[SourceVersion "1"]
[SourceVersionDate "2023.03.31"]
[SourceQuality "1"]

1. d4 Nf6 2. c4 g6 3. Nc3 Bg7 4. e4 d6 5. Bg5 c5 6. d5 h6 7. Bh4 0-0 8. f4 Qa5 9. Qd2 e6 10. Bd3 Na6 11. Nge2 Re8 12. 0-0 exd5 13. exd5 Nb4 14. Bb1 Ng4 15. Rf3 f5 16. Nb5 Qb6 17. a3 Na6 18. Nec3 Bd7 19. Na4 Bd4+ 20. Kh1 Nf2+ 21. Rxf2 1-0

[Event "Titled Tuesday intern op 08th Nov Early"]
[Site "Chess.com INT"]
[Date "2022.11.08"]
[Round "1"]
[White "Sernecki, Franciszek"]
[Black "Kopylov, Alexander A"]
[Result "0-1"]
[WhiteElo "2310"]
[BlackElo "2397"]
[PlyCount "62"]
[EventDate "2022.11.08"]
[EventType "swiss (blitz)"]
[EventRounds "11"]
[EventCountry "USA"]
[SourceTitle "EXT 2024"]
[Source "ChessBase"]
[SourceDate "2023.10.10"]
[SourceVersion "1"]
[SourceVersionDate "2023.10.10"]
[SourceQuality "1"]

1. c4 Nf6 2. Nc3 e5 3. e4 Be7 4. g3 0-0 5. Bg2 c6 6. Nge2 d6 7. 0-0 a6 8. a4 a5 9. d3 Na6 10. h3 Nd7 11. f4 Bf6 12. f5 Ndc5 13. g4 Nb4 14. Rf3 Bd7 15. Be3 Ncxd3 16. b3 Nc5 17. Qxd6 Be7 18. Qd1 b6 19. Nc1 f6 20. N1a2 Be8 21. Rf1 Bf7 22. Kf2 Qc7 23. Rb1 Rad8 24. Qe2 Rd3 25. Rfd1 Rfd8 26. Rxd3 Rxd3 27. Rd1 Qd7 28. Nxb4 axb4 29. Rxd3 Nxd3+ 30. Kf3 bxc3 31. Bxb6 c2 0-1

[Event "Titled Tuesday intern op 08th Nov Early"]
[Site "Chess.com INT"]
[Date "2022.11.08"]
[Round "10"]
[White "Sernecki, Franciszek"]
[Black "Prem, Pranav"]
[Result "0-1"]
[WhiteElo "2310"]
[BlackElo "2061"]
[PlyCount "92"]
[EventDate "2022.11.08"]
[EventType "swiss (blitz)"]
[EventRounds "11"]
[EventCountry "USA"]
[SourceTitle "EXT 2024"]
[Source "ChessBase"]
[SourceDate "2023.10.10"]
[SourceVersion "1"]
[SourceVersionDate "2023.10.10"]
[SourceQuality "1"]

1. c4 e6 2. Nc3 d5 3. cxd5 exd5 4. d4 c6 5. Nf3 Nf6 6. Bg5 Be7 7. e3 Bf5 8. Bd3 Bxd3 9. Qxd3 Nbd7 10. 0-0 0-0 11. Rab1 a5 12. a3 Re8 13. b4 axb4 14. axb4 Ne4 15. Bxe7 Qxe7 16. Nd2 f5 17. b5 Ra3 18. Ndxe4 fxe4 19. Qd2 Nb6 20. bxc6 Nc4 21. Nxd5 Nxd2 22. Nxe7+ Kf8 23. cxb7 Nxb1 24. Nc6 Rb3 25. b8Q Rexb8 26. Nxb8 Rxb8 27. f3 Nd2 28. Rd1 Rb2 29. fxe4 Nxe4 30. h3 Ke7 31. d5 Kd6 32. Rd4 Nf6 33. Kh2 Rb5 34. e4 Ke5 35. Ra4 Rb7 36. h4 Nxe4 37. h5 h6 38. d6 Nxd6 39. Rg4 Kf5 40. Kh3 Ne4 41. Rg6 Nf6 42. g4+ Kf4 43. Kh4 Rb1 44. Kh3 Kf3 45. Kh2 Nxg4+ 46. Kh3 Rh1# 0-1

[Event "Titled Tuesday intern op 01st Nov Early"]
[Site "Chess.com INT"]
[Date "2022.11.01"]
[Round "6"]
[White "Sernecki, Franciszek"]
[Black "Odegov, Artem"]
[Result "1/2-1/2"]
[WhiteElo "2310"]
[BlackElo "2286"]
[PlyCount "118"]
[EventDate "2022.11.01"]
[EventType "swiss (blitz)"]
[EventRounds "11"]
[EventCountry "USA"]
[SourceTitle "EXT 2024"]
[Source "ChessBase"]
[SourceDate "2023.10.10"]
[SourceVersion "1"]
[SourceVersionDate "2023.10.10"]
[SourceQuality "1"]

1. c4 Nf6 2. Nc3 e6 3. e4 d5 4. cxd5 exd5 5. e5 d4 6. exf6 dxc3 7. Bb5+ c6 8. Qe2+ Be6 9. Bc4 cxd2+ 10. Bxd2 Qxf6 11. Bc3 Qg6 12. Nf3 Nd7 13. 0-0 0-0-0 14. Bxe6 Qxe6 15. Qxe6 fxe6 16. Rfe1 Bc5 17. Rxe6 Rhe8 18. Rae1 Rxe6 19. Rxe6 Nf8 20. Re1 Rd7 21. Ne5 Re7 22. g4 Ne6 23. Nd3 Bd6 24. h3 g6 25. Bf6 Re8 26. Be5 Bf8 27. Bc3 Bd6 28. Kg2 Nf4+ 29. Nxf4 Rxe1 30. Bxe1 Bxf4 31. Bc3 Kd7 32. Kf3 Bd6 33. Ke4 Ke6 34. f4 a6 35. f5+ gxf5+ 36. gxf5+ Kf7 37. Be5 Be7 38. b3 h5 39. Kf4 Bd8 40. Bd6 Bf6 41. Be5 Be7 42. Ke4 Bg5 43. Kd4 Be7 44. a4 Bf8 45. Ke4 Bc5 46. Kf4 Be7 47. Bc7 Bf6 48. Ke4 Bg7 49. a5 Bf6 50. Kd3 Be7 51. Ke4 Bf6 52. Bb6 Bc3 53. Kf4 Kf6 54. Bd8+ Kf7 55. Bc7 Bd4 56. Ke4 Bc3 57. Bd8 Ke8 58. Bb6 Kf7 59. Bc7 Bf6 1/2-1/2

[Event "Titled Tuesday intern op 25th Oct Early"]
[Site "Chess.com INT"]
[Date "2022.10.25"]
[Round "5"]
[White "Dwilewicz, Katarzyna"]
[Black "Sernecki, Franciszek"]
[Result "0-1"]
[WhiteElo "2123"]
[BlackElo "2309"]
[PlyCount "100"]
[EventDate "2022.10.25"]
[EventType "swiss (blitz)"]
[EventRounds "11"]
[EventCountry "USA"]
[SourceTitle "EXT 2024"]
[Source "ChessBase"]
[SourceDate "2023.10.10"]
[SourceVersion "1"]
[SourceVersionDate "2023.10.10"]
[SourceQuality "1"]

1. e4 e6 2. d4 d5 3. Bd3 c5 4. exd5 exd5 5. Nf3 Nf6 6. 0-0 Nc6 7. Re1+ Be7 8. dxc5 0-0 9. Nbd2 Bxc5 10. Nb3 Bb6 11. h3 Re8 12. Rxe8+ Qxe8 13. c3 Ne4 14. Nbd4 Nxd4 15. Nxd4 Bxd4 16. cxd4 Bf5 17. Bf4 Qd7 18. Rc1 Rc8 19. Rxc8+ Qxc8 20. f3 Nf6 21. Kf2 Bxd3 22. Qxd3 Qc4 23. Qxc4 dxc4 24. Bb8 a6 25. Ke3 Kf8 26. g4 Ke7 27. Be5 Nd5+ 28. Ke4 Nb4 29. a3 Nd3 30. d5 f6 31. Bd4 Kd6 32. b3 b5 33. bxc4 bxc4 34. g5 Nc5+ 35. Bxc5+ Kxc5 36. f4 fxg5 37. fxg5 c3 38. Kd3 Kxd5 39. a4 c2 40. Kxc2 Kc4 41. h4 a5 42. h5 g6 43. h6 Kb4 44. Kd3 Kxa4 45. Kc4 Ka3 46. Kc3 Ka2 47. Kc2 a4 48. Kc1 Kb3 49. Kb1 Kc3 50. Ka2 Kd4 0-1

[Event "Titled Tuesday intern op 25th Oct Early"]
[Site "Chess.com INT"]
[Date "2022.10.25"]
[Round "2"]
[White "Nugumanov, Bakhtiyar"]
[Black "Sernecki, Franciszek"]
[Result "0-1"]
[WhiteElo "2354"]
[BlackElo "2309"]
[PlyCount "130"]
[EventDate "2022.10.25"]
[EventType "swiss (blitz)"]
[EventRounds "11"]
[EventCountry "USA"]
[SourceTitle "EXT 2024"]
[Source "ChessBase"]
[SourceDate "2023.10.10"]
[SourceVersion "1"]
[SourceVersionDate "2023.10.10"]
[SourceQuality "1"]

1. e4 e6 2. d4 d5 3. Nc3 Bb4 4. e5 Ne7 5. a3 Bxc3+ 6. bxc3 c5 7. Qg4 g6 8. h4 Qa5 9. Bd2 h5 10. Qd1 Qa4 11. Nf3 b6 12. Qb1 Ba6 13. Qb3 Qxb3 14. cxb3 Bxf1 15. Kxf1 Nbc6 16. Ke2 Nf5 17. Be3 cxd4 18. cxd4 Na5 19. Rab1 Rc8 20. Rhc1 Rxc1 21. Bxc1 Kd7 22. Bd2 Nc6 23. Kd3 Rc8 24. Rc1 a5 25. g3 Na7 26. Rxc8 Nxc8 27. Ng5 Ke8 28. Nf3 Na7 29. Bc1 Kd7 30. Ng5 Nh6 31. Nf3 Ng4 32. Ke2 Nb5 33. Bb2 Nh6 34. Kd3 Nf5 35. Nd2 Na7 36. Nf1 Nc6 37. Nd2 b5 38. Nb1 Na7 39. Nc3 Kc6 40. Ne2 Nc8 41. Nc3 Nb6 42. Nb1 b4 43. a4 Kd7 44. Nd2 Ke7 45. Nf3 Nd7 46. Bc1 f6 47. exf6+ Kxf6 48. Bg5+ Kf7 49. Ne1 Nd6 50. Bf4 e5 51. Bxe5 Ne4 52. Ke3 Nxe5 53. dxe5 Ke6 54. Nd3 Nc3 55. Kd4 Ne2+ 56. Kc5 d4 57. Kc4 Kf5 58. f4 Nxg3 59. Nc5 Kxf4 60. e6 Nf5 61. Nb7 Ke3 62. Nxa5 d3 63. Nc6 d2 64. e7 Nxe7 65. Nxb4 d1Q 0-1

[Event "Titled Tuesday intern op 25th Oct Early"]
[Site "Chess.com INT"]
[Date "2022.10.25"]
[Round "8"]
[White "Sernecki, Franciszek"]
[Black "Saya, Ethan"]
[Result "0-1"]
[WhiteElo "2309"]
[BlackElo "2182"]
[PlyCount "52"]
[EventDate "2022.10.25"]
[EventType "swiss (blitz)"]
[EventRounds "11"]
[EventCountry "USA"]
[SourceTitle "EXT 2024"]
[Source "ChessBase"]
[SourceDate "2023.10.10"]
[SourceVersion "1"]
[SourceVersionDate "2023.10.10"]
[SourceQuality "1"]

1. c4 Nf6 2. Nc3 g6 3. e4 d6 4. g3 Bg7 5. Bg2 0-0 6. Nge2 e5 7. 0-0 Nc6 8. d3 Ne8 9. h3 f5 10. f4 Nf6 11. Kh2 Be6 12. Be3 Qd7 13. Qd2 Rae8 14. Rae1 Nh5 15. fxe5 Bxe5 16. Nf4 Nxf4 17. Bxf4 Qg7 18. Bxe5 Nxe5 19. b3 Bc8 20. d4 Nc6 21. exf5 Rxe1 22. Rxe1 Nxd4 23. fxg6 hxg6 24. Nd5 Bxh3 25. Ne7+ Kh8 26. Kxh3 Qh7+ 0-1

[Event "Titled Tuesday intern op 18th Oct Early"]
[Site "Chess.com INT"]
[Date "2022.10.18"]
[Round "2"]
[White "Kushagra, Mohan"]
[Black "Sernecki, Franciszek"]
[Result "1-0"]
[WhiteElo "2395"]
[BlackElo "2309"]
[PlyCount "87"]
[EventDate "2022.10.18"]
[EventType "swiss (blitz)"]
[EventRounds "11"]
[EventCountry "USA"]
[SourceTitle "EXT 2024"]
[Source "ChessBase"]
[SourceDate "2023.10.10"]
[SourceVersion "1"]
[SourceVersionDate "2023.10.10"]
[SourceQuality "1"]

1. e4 e6 2. d4 d5 3. Nd2 c5 4. exd5 exd5 5. Ngf3 Nf6 6. Bb5+ Bd7 7. Bxd7+ Nbxd7 8. 0-0 Be7 9. dxc5 Nxc5 10. Re1 0-0 11. Nf1 Nce4 12. Be3 b6 13. Bd4 Bc5 14. c3 Bxd4 15. Qxd4 Re8 16. Ne3 Qd6 17. Rad1 Rad8 18. h3 Nc5 19. Nf5 Qd7 20. Nh6+ Kh8 21. Ne5 Rxe5 22. Qxe5 Re8 23. Qd4 Ne6 24. Qh4 g5 25. Qg3 Nh5 26. Qe5+ f6 27. Qxd5 Qxd5 28. Rxd5 Nhg7 29. Nf5 Nxf5 30. Rxf5 Kg7 31. Rd5 Re7 32. Rd6 Kf7 33. Kf1 Nf4 34. Rxe7+ Kxe7 35. Rc6 Nd5 36. Rc8 h5 37. c4 Nb4 38. Rc7+ Kd6 39. Rxa7 Kc5 40. b3 Nd3 41. Ke2 Nf4+ 42. Kf3 Ne6 43. Rf7 f5 44. Rxf5+ 1-0